[Event "2BLO 2223 SC Bavaria Regensburg 1881 - "]
[Site "?"]
[Date "2022.11.27"]
[Round "4.2"]
[White "Kaczur, Florian"]
[Black "Yelisieiev, Yevhenii"]
[Result "0-1"]
[WhiteElo "2473"]
[BlackElo "2398"]
[PlyCount "104"]
[EventDate "2022.??.??"]

1. e4 c5 2. Nf3 e6 3. d4 cxd4 4. Nxd4 Nc6 5. Nc3 Qc7 6. g3 a6 7. Bg2 b5 8. O-O Bb7 9. Bf4 e5 10. Nd5 Qd8 11. Nxc6 dxc6 12. Bxe5 cxd5 13. exd5 f6 14. Bf4 Bd6 15. Re1+ Kf8 16. Qd4 Bxf4 17. Qxf4 Ne7 18. Qb4 Qd7 19. Bh3 a5 20. Qc5 Rc8 21. Bxd7 Rxc5 22. d6 Ng6 23. Bh3 Ne5 24. d7 Kf7 25. Re3 Rd8 26. f4 Nf3+ 27. Kf1 f5 28. Rd1 Nxh2+ 29. Ke2 Rxc2+ 30. Kd3 Rc5 31. Ke2 Ng4 32. Bxg4 fxg4 33. Rd6 Rd5 34. Rd3 Rxd6 35. Rxd6 Ke7 36. Rb6 Rxd7 37. Ke3 Bd5 38. Rxb5 Bxa2 39. Rxa5 Bd5 40. f5 Bf3 41. Kf4 Rb7 42. Ra2 Kf7 43. Kg5 h6+ 44. Kh4 Kf6 45. b4 Rxb4 46. Ra6+ Kxf5 47. Ra5+ Kf6 48. Ra6+ Kf7 49. Ra7+ Kg8 50. Kh5 Rb5+ 51. Kh4 Rb1 52. Kh5 Kh7 0-1

[Event "2BLO 2223 SC Bavaria Regensburg 1881 - "]
[Site "?"]
[Date "2022.11.27"]
[Round "4.3"]
[White "Hoffmann, Sebastian"]
[Black "Schneider, Jana"]
[Result "1-0"]
[WhiteElo "2150"]
[BlackElo "2284"]
[PlyCount "115"]
[EventDate "2022.??.??"]

1. d4 d5 2. c4 e6 3. Nc3 Nf6 4. cxd5 exd5 5. Bg5 Be7 6. e3 O-O 7. Bd3 h6 8. Bf4 c5 9. Nf3 Nc6 10. h3 cxd4 11. exd4 Bd6 12. Be3 Re8 13. O-O Be6 14. Rc1 Rc8 15. Na4 Qe7 16. Nd2 Nb4 17. Rxc8 Rxc8 18. Bb1 Qd7 19. a3 Nc6 20. Qf3 Ne7 21. Nc5 Bxc5 22. dxc5 d4 23. Bxh6 Rxc5 24. Bf4 Bf5 25. Nb3 Rd5 26. Bd3 Ng6 27. Bg3 Nh5 28. Bc4 Nxg3 29. Qxd5 Qxd5 30. Bxd5 Nxf1 31. Kxf1 Bd3+ 32. Ke1 Ba6 33. Nxd4 Nf4 34. Be4 Nd3+ 35. Bxd3 Bxd3 36. Kd2 Bf1 37. g3 Bxh3 38. Nb5 a6 39. Nd6 Bg2 40. Ke3 Bc6 41. Nc4 Kf8 42. Na5 Ke7 43. Nxc6+ bxc6 44. Kd4 Kd6 45. b4 Kd7 46. Kc5 Kc7 47. a4 Kb7 48. g4 g5 49. Kd4 Kb6 50. Kc4 Kc7 51. Kc5 Kb7 52. Kd6 Kb6 53. f3 f6 54. Ke6 a5 55. bxa5+ Kxa5 56. Kd6 Kb6 57. a5+ Kb5 58. a6 1-0

[Event "2BLO 2223 SC Bavaria Regensburg 1881 - "]
[Site "?"]
[Date "2022.11.27"]
[Round "4.4"]
[White "Pezelj, Novak"]
[Black "Kirchner, Thomas"]
[Result "1-0"]
[WhiteElo "2492"]
[BlackElo "2324"]
[PlyCount "63"]
[EventDate "2022.??.??"]

1. d4 Nf6 2. Nf3 e6 3. g3 d5 4. Bg2 Be7 5. O-O O-O 6. c4 c6 7. Nc3 Nbd7 8. b3 b6 9. Bb2 Ba6 10. Re1 Rc8 11. e4 dxc4 12. Bf1 b5 13. bxc4 bxc4 14. Qa4 Qb6 15. Rab1 Bb5 16. Qc2 Qa5 17. a3 Ba6 18. Nd1 c5 19. d5 exd5 20. exd5 Bd6 21. Ne3 Rfe8 22. Bxc4 Bxc4 23. Nxc4 Qa6 24. Rbd1 h6 25. Nh4 Bf8 26. d6 g6 27. Nxg6 fxg6 28. Qxg6+ Bg7 29. Bxf6 Nxf6 30. d7 Qc6 31. Rxe8+ Rxe8 32. dxe8=Q+ 1-0

[Event "2BLO 2223 SC Bavaria Regensburg 1881 - "]
[Site "?"]
[Date "2022.11.27"]
[Round "4.5"]
[White "Promyshlyanskiy, Vitaliy"]
[Black "Kilgus, Georg"]
[Result "1/2-1/2"]
[WhiteElo "2261"]
[BlackElo "2392"]
[PlyCount "35"]
[EventDate "2022.??.??"]

1. e4 c5 2. Nc3 Nc6 3. f4 g6 4. Nf3 Bg7 5. Bb5 Nd4 6. O-O a6 7. Bd3 d6 8. Nd5 e6 9. Ne3 Ne7 10. c3 Nxf3+ 11. Qxf3 d5 12. exd5 Nxd5 13. Nxd5 Qxd5 14. Be4 Qd7 15. Qf2 Qc7 16. d3 Bd7 17. Be3 Rc8 18. d4 1/2-1/2

[Event "2BLO 2223 SC Bavaria Regensburg 1881 - "]
[Site "?"]
[Date "2022.11.27"]
[Round "4.6"]
[White "Goldbeck, Lars"]
[Black "Kabatianski, Alexander"]
[Result "1/2-1/2"]
[WhiteElo "2262"]
[BlackElo "2359"]
[PlyCount "99"]
[EventDate "2022.??.??"]

1. d4 Nf6 2. c4 e6 3. Nf3 b6 4. a3 Bb7 5. Nc3 d5 6. Bg5 Be7 7. Bxf6 Bxf6 8. cxd5 exd5 9. Qa4+ c6 10. e3 O-O 11. Be2 Nd7 12. O-O Re8 13. Rfd1 Nf8 14. Qc2 Ne6 15. Rac1 Qe7 16. Bd3 g6 17. Qe2 c5 18. dxc5 bxc5 19. Ba6 Red8 20. Bxb7 Qxb7 21. Rd2 Rd7 22. b4 cxb4 23. axb4 Rc8 24. Rdc2 Rxc3 25. Rxc3 Bxc3 26. Rxc3 Qxb4 27. Qc2 d4 28. Rb3 Qa5 29. g3 Qd5 30. Nxd4 Nxd4 31. exd4 Qxd4 32. Qc3 Qxc3 33. Rxc3 Kf8 34. Rc8+ Ke7 35. g4 Kd6 36. h4 Rc7 37. Rh8 f5 38. gxf5 gxf5 39. Kg2 Rb7 40. Rc8 Rc7 41. Rf8 Ke5 42. Kg3 a5 43. Ra8 Rc5 44. h5 Kf6 45. Ra7 h6 46. f4 Rc3+ 47. Kh4 Rf3 48. Ra6+ Kg7 49. Rg6+ Kh7 50. Rxh6+ 1/2-1/2

[Event "2BLO 2223 SC Bavaria Regensburg 1881 - "]
[Site "?"]
[Date "2022.11.27"]
[Round "4.7"]
[White "Kochiev, Ivan"]
[Black "Oberhofer, Cedric"]
[Result "1-0"]
[WhiteElo "2035"]
[BlackElo "2274"]
[PlyCount "91"]
[EventDate "2022.??.??"]

1. e4 c5 2. Nf3 d6 3. d4 cxd4 4. Nxd4 Nf6 5. f3 Nc6 6. c4 e6 7. Nc3 Be7 8. Be3 O-O 9. Be2 d5 10. exd5 exd5 11. Nxc6 bxc6 12. cxd5 Nxd5 13. Nxd5 cxd5 14. O-O Qa5 15. Bd4 Bc5 16. Rf2 Be6 17. a3 Qb6 18. Bxc5 Qxc5 19. Rc1 Qb6 20. Bd3 Rac8 21. Kf1 g6 22. Rfc2 Rxc2 23. Rxc2 Rb8 24. Rd2 Qc7 25. Kg1 Rb6 26. Bb1 Qc5+ 27. Kh1 Qe3 28. Ba2 Rc6 29. h3 Rc7 30. Kh2 Qf4+ 31. Kh1 Rc5 32. Qe1 Qc7 33. Rd1 Rc2 34. Bxd5 Bxh3 35. Rd2 Bxg2+ 36. Kxg2 Rc1 37. Qe8+ Kg7 38. Qe3 Ra1 39. Qd4+ f6 40. Bc4 Qa5 41. Qd7+ Kh6 42. Rd5 Qe1 43. Qh3+ Kg7 44. Rd7+ Kf8 45. Rf7+ Ke8 46. Qd7# 1-0

[Event "2BLO 2223 SC Bavaria Regensburg 1881 - "]
[Site "?"]
[Date "2022.11.27"]
[Round "4.8"]
[White "Kleibel, Uwe"]
[Black "Heimrath, Reiner"]
[Result "0-1"]
[WhiteElo "2238"]
[BlackElo "2187"]
[PlyCount "144"]
[EventDate "2022.??.??"]

1. d4 Nf6 2. Nf3 g6 3. Bf4 Bg7 4. c3 b6 5. Nbd2 Bb7 6. Qc2 c5 7. dxc5 bxc5 8. e4 O-O 9. Bd3 Nc6 10. O-O d6 11. Rfe1 Nd7 12. Rad1 Re8 13. Nc4 Ba6 14. Qa4 Bb7 15. Qc2 Qc8 16. Bxd6 exd6 17. Nxd6 Qc7 18. Nxe8 Rxe8 19. Bc4 Nb6 20. Bd5 Bc8 21. h3 Nd8 22. c4 Ne6 23. Bxe6 Bxe6 24. b3 Nd7 25. Qd2 Ne5 26. Nxe5 Bxe5 27. Qd3 Qe7 28. Qe3 Qc7 29. Qd3 a5 30. Qe3 Ra8 31. Rd3 a4 32. Red1 axb3 33. axb3 Kg7 34. Qd2 Rb8 35. Qa2 Qe7 36. Qd2 Qh4 37. Qe3 Rc8 38. Qf3 h5 39. Kf1 Ra8 40. R3d2 Ra3 41. Rd3 Kh7 42. Kg1 Qe7 43. Qe3 Qa7 44. Qf3 Kg7 45. Qe3 Bd4 46. Qg3 Ra1 47. Kh2 Ra2 48. R3d2 Rxd2 49. Rxd2 Qa1 50. Qd3 Be5+ 51. g3 h4 52. Rd1 hxg3+ 53. fxg3 Qb2+ 54. Rd2 Qc1 55. Kg2 Bd4 56. Rd1 Qh6 57. g4 Be5 58. Qf3 Qg5 59. Kh1 Qe7 60. Qd3 Qb7 61. Kg1 Bd4+ 62. Kh2 Bd7 63. Re1 Be5+ 64. Kg1 Bc6 65. Re2 Qe7 66. Qf3 Qg5 67. Kh1 Qc1+ 68. Kg2 Qb1 69. g5 Bd4 70. Kg3 Qg1+ 71. Qg2 Be5+ 72. Kf3 Qb1 0-1

[Event "2BLO 2223 SK Passau - SC Garching"]
[Site "?"]
[Date "2023.02.04"]
[Round "5.1"]
[White "Vykouk, Jan"]
[Black "Diermair, Andreas"]
[Result "0-1"]
[WhiteElo "2467"]
[BlackElo "2457"]
[PlyCount "174"]
[EventDate "2023.??.??"]

1. e4 e6 2. d4 d5 3. e5 c5 4. c3 Nc6 5. Nf3 Qb6 6. Bd3 cxd4 7. O-O Nge7 8. Re1 Nf5 9. Bxf5 exf5 10. cxd4 Be6 11. Nc3 h6 12. h4 Be7 13. h5 Rc8 14. Re3 Bg5 15. Na4 Qd8 16. Rc3 b6 17. b3 f4 18. Ba3 Ne7 19. Rxc8 Bxc8 20. Rc1 Bf5 21. Nc3 Qd7 22. Qf1 O-O 23. Nxg5 hxg5 24. Qb5 Rd8 25. Qxd7 Rxd7 26. h6 Be6 27. hxg7 Nf5 28. Nb5 Kxg7 29. Rc8 a6 30. Nc7 Nxd4 31. Ne8+ Kg6 32. Nf6 Rb7 33. Rg8+ Kf5 34. Ne8 Kxe5 35. Rxg5+ Nf5 36. Bd6+ Kd4 37. Bxf4 Rd7 38. Nf6 Rd8 39. Bc7 Rc8 40. Bxb6+ Ke5 41. Nh5 Kd6 42. Ng3 Nxg3 43. Rxg3 Rc1+ 44. Kh2 Rd1 45. b4 d4 46. Ra3 Bc4 47. Kg3 d3 48. Be3 Re1 49. Bf4+ Kd5 50. Ra5+ Kd4 51. a4 Re2 52. b5 axb5 53. axb5 d2 54. Bxd2 Rxd2 55. Ra7 Rb2 56. Rb7 Bd5 57. Rb8 Kc5 58. f3 Kd6 59. b6 Ke5 60. Re8+ Kf6 61. Rb8 Bc6 62. Kh3 Kf5 63. Kg3 f6 64. Kh3 Kf4 65. Rf8 Bd7+ 66. Kh4 Rxb6 67. g4 Kxf3 68. g5 f5 69. Kh5 f4 70. g6 Bg4+ 71. Kh4 Rb5 72. Rh8 Be6 73. Re8 Bb3 74. g7 Rb7 75. g8=Q Bxg8 76. Rxg8 Rh7+ 77. Kg5 Rf7 78. Kg6 Re7 79. Kf6 Ra7 80. Kg5 Ra5+ 81. Kh4 Ra1 82. Rb8 Rh1+ 83. Kg5 Kg3 84. Kf5 f3 85. Rg8+ Kf2 86. Ke4 Ke2 87. Kf4 f2 0-1

[Event "2BLO 2223 SK Passau - SC Garching"]
[Site "?"]
[Date "2023.02.04"]
[Round "5.3"]
[White "Rusche, Johannes"]
[Black "Schwabeneder, Florian"]
[Result "1/2-1/2"]
[WhiteElo "2331"]
[BlackElo "2399"]
[PlyCount "26"]
[EventDate "2023.??.??"]

1. e4 e6 2. d4 d5 3. Nd2 c5 4. Ngf3 Nf6 5. e5 Nfd7 6. c3 Nc6 7. Bd3 a5 8. a4 Be7 9. Nb1 Qb6 10. Bb5 Na7 11. Bd3 Nc6 12. Bb5 Na7 13. Bd3 Nc6 1/2-1/2

[Event "2BLO 2223 SK Passau - SC Garching"]
[Site "?"]
[Date "2023.02.04"]
[Round "5.4"]
[White "Leisch, Lukas"]
[Black "Renner, Christoph"]
[Result "1/2-1/2"]
[WhiteElo "2366"]
[BlackElo "2303"]
[PlyCount "132"]
[EventDate "2023.??.??"]

1. d4 f5 2. c4 Nf6 3. Nf3 g6 4. g3 Bg7 5. Bg2 O-O 6. O-O c6 7. Nc3 Ne4 8. Qc2 d5 9. Bf4 e6 10. Be5 Bh6 11. Bxb8 Rxb8 12. Rad1 Nd6 13. Ne5 Bg7 14. b3 f4 15. c5 Nf5 16. gxf4 Nh4 17. e3 g5 18. fxg5 Bxe5 19. dxe5 Nxg2 20. Ne4 Nh4 21. Nf6+ Rxf6 22. gxf6 Qe8 23. Kh1 Qh5 24. f4 Bd7 25. Rg1+ Kh8 26. Rdf1 Be8 27. Rg5 Qh6 28. Qe2 Bg6 29. Kg1 Be4 30. Qg4 Bg6 31. Qxe6 Rg8 32. f7 Rf8 33. Qf6+ Qg7 34. Qxg7+ Kxg7 35. e6 Kf6 36. f5 Nxf5 37. Rfxf5+ Bxf5 38. Rxf5+ Kxe6 39. Rf4 Rxf7 40. Ra4 a6 41. Kg2 Ke5 42. Rh4 Ke6 43. Kg3 Kd7 44. Rb4 Kc7 45. h4 a5 46. Rf4 Re7 47. Kf3 b6 48. cxb6+ Kxb6 49. Ke2 Kc5 50. Kd3 Rb7 51. Rf6 a4 52. bxa4 Rb4 53. Rf4 Rb2 54. Rf7 h5 55. Rf5 Rxa2 56. Rxh5 Ra3+ 57. Kd2 Kc4 58. Rg5 Ra2+ 59. Kc1 Kc3 60. Kb1 Rxa4 61. Rg3 Rb4+ 62. Kc1 Rxh4 63. e4+ Kc4 64. exd5 cxd5 65. Kd2 Rh2+ 66. Kd1 Kd4 1/2-1/2

[Event "2BLO 2223 SK Passau - SC Garching"]
[Site "?"]
[Date "2023.02.04"]
[Round "5.5"]
[White "Bredl, Harald"]
[Black "Schreiner, Peter"]
[Result "1/2-1/2"]
[WhiteElo "2301"]
[BlackElo "2401"]
[PlyCount "54"]
[EventDate "2023.??.??"]

1. d4 Nf6 2. Nc3 d5 3. Bf4 e6 4. Nb5 Bb4+ 5. c3 Ba5 6. a4 a6 7. Na3 Ne4 8. b4 Bb6 9. a5 Ba7 10. Qb3 Qf6 11. Be3 O-O 12. Nf3 Nc6 13. Rc1 b6 14. axb6 Bxb6 15. g3 a5 16. b5 a4 17. Qb2 Na5 18. Bg2 Nd6 19. Nd2 Ra7 20. O-O Bd7 21. Bf4 Ndc4 22. Ndxc4 Nxc4 23. Nxc4 dxc4 24. Qb4 Qf5 25. Qxc4 Bxb5 26. Qa2 Bd7 27. Rfd1 a3 1/2-1/2

[Event "2BLO 2223 SK Passau - SC Garching"]
[Site "?"]
[Date "2023.02.04"]
[Round "5.6"]
[White "Weiss, Christian"]
[Black "Schimpf, Markus"]
[Result "1/2-1/2"]
[WhiteElo "2382"]
[BlackElo "2257"]
[PlyCount "84"]
[EventDate "2023.??.??"]

1. d4 Nf6 2. g3 d5 3. Nf3 c6 4. Bg2 Bf5 5. O-O h6 6. c4 e6 7. Nc3 Nbd7 8. Nd2 Be7 9. e4 dxe4 10. Ndxe4 O-O 11. h3 Nxe4 12. Nxe4 Nf6 13. Nc3 Qb6 14. c5 Qa6 15. Be3 Rad8 16. Qb3 Rd7 17. Rfd1 Re8 18. a4 Qa5 19. Qa3 Nd5 20. Nxd5 exd5 21. Bd2 Qd8 22. Re1 Bf6 23. Rxe8+ Qxe8 24. Re1 Re7 25. Rxe7 Qxe7 26. Be3 Be4 27. Qc3 Bxg2 28. Kxg2 Qe4+ 29. f3 Qe7 30. Qd2 Qe6 31. b4 a6 32. Bf2 Qd7 33. h4 h5 34. Be3 Qe7 35. Kf2 Qd7 36. Kg2 g6 37. Bf2 Qe7 38. Kf1 Kh7 39. Kg2 Kg8 40. Kf1 Kg7 41. Kg2 Kg8 42. Kf1 Bg7 1/2-1/2

[Event "2BLO 2223 SK Passau - SC Garching"]
[Site "?"]
[Date "2023.02.04"]
[Round "5.7"]
[White "Ruecker, Benjamin"]
[Black "Testor, Sebastian"]
[Result "1/2-1/2"]
[WhiteElo "2197"]
[BlackElo "2341"]
[PlyCount "23"]
[EventDate "2023.??.??"]

1. e4 c6 2. d4 d5 3. e5 c5 4. c3 Nc6 5. Be2 Bf5 6. Nf3 e6 7. O-O cxd4 8. Nxd4 Nxd4 9. cxd4 Ne7 10. g4 Bxb1 11. Rxb1 Nc6 12. Be3 1/2-1/2

[Event "2BLO 2223 SK Passau - SC Garching"]
[Site "?"]
[Date "2023.02.04"]
[Round "5.8"]
[White "Wisnet, Dominic"]
[Black "Werner, Denis"]
[Result "1/2-1/2"]
[WhiteElo "2302"]
[BlackElo "2045"]
[PlyCount "135"]
[EventDate "2023.??.??"]

1. Nf3 d5 2. c4 c6 3. d4 Nf6 4. Nc3 a6 5. e3 b5 6. cxd5 cxd5 7. Bd3 e6 8. Ne5 Bb7 9. O-O Nbd7 10. f4 Be7 11. Qf3 O-O 12. a3 Rc8 13. g4 Qc7 14. g5 Nxe5 15. fxe5 Ne4 16. Bxe4 dxe4 17. Qh5 Qd8 18. h4 Qb6 19. Bd2 a5 20. Qg4 b4 21. axb4 axb4 22. Nxe4 Rc2 23. Rf2 Qc6 24. Ng3 Rxb2 25. e4 Qc4 26. Be3 Rxf2 27. Kxf2 Qc2+ 28. Qe2 Bxe4 29. Ra7 Bd8 30. Qxc2 Bxc2 31. Rb7 b3 32. Nf1 h6 33. Nd2 hxg5 34. hxg5 Kh7 35. Nxb3 Kg6 36. Nc5 Bxg5 37. Bxg5 Kxg5 38. Rb2 Bf5 39. Ke3 Ra8 40. Rg2+ Kh6 41. Rh2+ Kg6 42. Kf4 Ra3 43. Rg2+ Kh6 44. Rh2+ Rh3 45. Rxh3+ Bxh3 46. Ne4 Bg2 47. Ng5 Kg6 48. Kg4 Bd5 49. Kf4 Ba2 50. Ne4 Kh7 51. Ng5+ Kg8 52. Ne4 Kf8 53. Nc3 Bc4 54. Ne4 Ke7 55. Nd6 Bd3 56. Nc8+ Kd7 57. Nd6 f5 58. Kg5 Bb1 59. Kf4 Ba2 60. Kg5 Bd5 61. Kf4 Bc6 62. Kg5 Kc7 63. d5 exd5 64. Nxf5 Kd7 65. Nd4 Ba4 66. Kg6 Ke7 67. Kxg7 Bd7 68. Kg6 1/2-1/2

[Event "2BLO 2223 SC Bavaria Regensburg 1881 - "]
[Site "?"]
[Date "2023.02.04"]
[Round "5.1"]
[White "Braeuer, Franz"]
[Black "Stocek, Jiri"]
[Result "0-1"]
[WhiteElo "2446"]
[BlackElo "2542"]
[PlyCount "112"]
[EventDate "2023.??.??"]

1. e4 c5 2. Nf3 d6 3. d4 cxd4 4. Nxd4 Nf6 5. Nc3 g6 6. Be3 Nc6 7. f3 h5 8. Qd2 Nxd4 9. Bxd4 Bh6 10. Bb5+ Kf8 11. Qf2 Qa5 12. O-O e5 13. Be3 Bxe3 14. Qxe3 Be6 15. Ba4 Qc5 16. Qf2 Rc8 17. Bb3 Ke7 18. Rad1 a6 19. Na4 Qxf2+ 20. Rxf2 b5 21. Nc3 Rc6 22. Rdd2 Rd8 23. Rfe2 Rc5 24. Nd1 a5 25. Nf2 Rc7 26. h4 Nd7 27. Nd1 Nb6 28. Ne3 Rc5 29. c3 a4 30. Bxe6 Kxe6 31. a3 f5 32. Rd1 Nc4 33. Nd5 Rf8 34. Rd3 Rf7 35. Rd1 Rc8 36. Ne3 fxe4 37. fxe4 Rf4 38. Nd5 Rxh4 39. Rf1 Rxe4 40. Rxe4 Kxd5 41. Re2 e4 42. Rf6 e3 43. Kf1 Ke4 44. Rxg6 Rf8+ 45. Ke1 d5 46. Rg3 Rf4 47. Rh3 h4 48. g3 hxg3 49. Rxg3 Kd3 50. Rg5 d4 51. Rd5 Nd2 52. Rxd4+ Rxd4 53. cxd4 Nf3+ 54. Kd1 Nxd4 55. Re1 e2+ 56. Kc1 Nb3+ 0-1

[Event "2BLO 2223 SC Bavaria Regensburg 1881 - "]
[Site "?"]
[Date "2023.02.04"]
[Round "5.2"]
[White "Kaczur, Florian"]
[Black "Nestorovic, Nikola"]
[Result "1/2-1/2"]
[WhiteElo "2470"]
[BlackElo "2481"]
[PlyCount "55"]
[EventDate "2023.??.??"]

1. Nf3 d5 2. g3 Nd7 3. d4 Nb6 4. a4 a5 5. Bg2 Nf6 6. Nc3 Bf5 7. Nh4 Bg6 8. Nxg6 hxg6 9. e4 dxe4 10. Nxe4 Nxe4 11. Bxe4 c6 12. c3 Qd7 13. Bg2 e6 14. O-O Be7 15. Qb3 Nd5 16. Bd2 O-O 17. c4 Nb4 18. Bc3 Rad8 19. c5 e5 20. dxe5 Bxc5 21. Qc4 Qe7 22. Be4 Nd5 23. Bxa5 b6 24. Bc3 Nxc3 25. Qxc3 Rd4 26. Bxc6 Qxe5 27. Rad1 Rfd8 28. Rxd4 1/2-1/2

[Event "2BLO 2223 SC Bavaria Regensburg 1881 - "]
[Site "?"]
[Date "2023.02.04"]
[Round "5.3"]
[White "Rupprecht, Andreas"]
[Black "Schneider, Jana"]
[Result "1/2-1/2"]
[WhiteElo "2380"]
[BlackElo "2273"]
[PlyCount "102"]
[EventDate "2023.??.??"]

1. Nf3 d5 2. g3 Nf6 3. Bg2 e6 4. O-O Be7 5. d4 b5 6. a4 b4 7. c4 bxc3 8. Nxc3 O-O 9. Bf4 c6 10. a5 Na6 11. Ne5 Bb7 12. Qb3 Rb8 13. Nd3 Bd6 14. Bxd6 Qxd6 15. Qa3 Qxa3 16. Rxa3 Nc7 17. Ne5 Ba8 18. Rb1 Rfc8 19. e3 c5 20. dxc5 Na6 21. Nd3 Ne4 22. b4 Nd2 23. Rd1 Nc4 24. Rb3 Nxc5 25. Nxc5 Rxc5 26. Rbb1 Rc7 27. e4 Nd6 28. Rbc1 Nxe4 29. Nxe4 Rxc1 30. Rxc1 dxe4 31. Rc7 g6 32. Bf1 Bd5 33. b5 Rb7 34. Rc8+ Kg7 35. Be2 h5 36. Kf1 Kf6 37. Ke1 Ke7 38. Kd2 Kd7 39. Rf8 Ke7 40. Rc8 Kd7 41. Rf8 Kd6 42. h4 Rc7 43. Rd8+ Ke5 44. Rb8 Bb3 45. b6 Rc2+ 46. Ke3 axb6 47. a6 Rc3+ 48. Kd2 Rc2+ 49. Ke3 Rc3+ 50. Kd2 Rc2+ 51. Ke3 Rc3+ 1/2-1/2

[Event "2BLO 2223 SC Bavaria Regensburg 1881 - "]
[Site "?"]
[Date "2023.02.04"]
[Round "5.4"]
[White "Pezelj, Novak"]
[Black "Rozentalis, Eduardas"]
[Result "1/2-1/2"]
[WhiteElo "2483"]
[BlackElo "2506"]
[PlyCount "59"]
[EventDate "2023.??.??"]

1. d4 Nf6 2. c4 e6 3. Nf3 Bb4+ 4. Bd2 a5 5. a3 Bxd2+ 6. Qxd2 d6 7. Nc3 O-O 8. g3 Nc6 9. Bg2 a4 10. Qc2 Bd7 11. Nxa4 Nxd4 12. Nxd4 Bxa4 13. b3 c5 14. O-O cxd4 15. bxa4 Qc7 16. Rab1 Ra7 17. Rb4 Nd7 18. Qb2 Nc5 19. Qxd4 Rxa4 20. Rfb1 Rxa3 21. Bxb7 Rb8 22. Bf3 Rxb4 23. Rxb4 Ra4 24. Rb5 h6 25. h4 Kh7 26. h5 f5 27. Qc3 Qa7 28. Qd4 Qc7 29. Qc3 Qa7 30. Qd4 1/2-1/2

[Event "2BLO 2223 SC Bavaria Regensburg 1881 - "]
[Site "?"]
[Date "2023.02.04"]
[Round "5.5"]
[White "Arnaudov, G. Petar"]
[Black "Goldbeck, Lars"]
[Result "1/2-1/2"]
[WhiteElo "2450"]
[BlackElo "2287"]
[PlyCount "41"]
[EventDate "2023.??.??"]

1. Nf3 d5 2. g3 Nf6 3. Bg2 c5 4. O-O e6 5. d4 cxd4 6. Nxd4 e5 7. Nb3 Be7 8. Bg5 Nbd7 9. e4 dxe4 10. Nc3 O-O 11. Qe2 h6 12. Be3 Qc7 13. Rfe1 a6 14. Rad1 Bb4 15. Bd2 Bxc3 16. Bxc3 Nc5 17. Qe3 b6 18. Nxc5 bxc5 19. Bxe4 Be6 20. Qe2 Nxe4 21. Qxe4 1/2-1/2

[Event "2BLO 2223 SC Bavaria Regensburg 1881 - "]
[Site "?"]
[Date "2023.02.04"]
[Round "5.6"]
[White "Oberhofer, Cedric"]
[Black "Stankovic, Milos"]
[Result "0-1"]
[WhiteElo "2235"]
[BlackElo "2445"]
[PlyCount "96"]
[EventDate "2023.??.??"]

1. c4 e6 2. g3 d5 3. d4 Nf6 4. Nf3 Bb4+ 5. Bd2 a5 6. Bg2 O-O 7. Qc2 c5 8. dxc5 d4 9. Bxb4 axb4 10. O-O Na6 11. Nbd2 Qe7 12. Ng5 Qxc5 13. Nde4 Nxe4 14. Nxe4 Qe7 15. c5 e5 16. a3 Be6 17. axb4 Nxb4 18. Qd2 Nd5 19. Rfc1 h6 20. Nd6 Rxa1 21. Rxa1 b6 22. Nc4 bxc5 23. Nxe5 Re8 24. Rc1 Qa7 25. Nc4 Qa6 26. e3 Nb4 27. Bf1 Rd8 28. Na3 Qb6 29. exd4 cxd4 30. Nc4 Qc5 31. Na3 Qb6 32. Nc4 Qc5 33. Na3 Qe7 34. Bc4 Bh3 35. Bf1 Bxf1 36. Rxf1 d3 37. Nc4 Nc2 38. Ne3 Nd4 39. Kg2 Nb3 40. Qd1 Qe4+ 41. Qf3 Qxf3+ 42. Kxf3 Nd2+ 43. Kg2 Nxf1 44. Kxf1 Rb8 45. Nd1 Rc8 46. Nc3 Re8 47. Nd5 d2 48. Ne3 Rxe3 0-1

[Event "2BLO 2223 SC Bavaria Regensburg 1881 - "]
[Site "?"]
[Date "2023.02.04"]
[Round "5.7"]
[White "Schmittdiel, Eckhard"]
[Black "Ganaus, Hannes"]
[Result "1/2-1/2"]
[WhiteElo "2398"]
[BlackElo "2266"]
[PlyCount "47"]
[EventDate "2023.??.??"]

1. e4 e5 2. Nf3 Nc6 3. Bb5 Bc5 4. O-O Nge7 5. Nxe5 Nxe5 6. d4 Bd6 7. dxe5 Bxe5 8. f4 c6 9. fxe5 Qb6+ 10. Rf2 Qxb5 11. Nc3 Qxe5 12. Bf4 Qe6 13. Bd6 b6 14. Qd4 O-O 15. Rd1 Ba6 16. Bxe7 Qxe7 17. Qxd7 Qxd7 18. Rxd7 Bc4 19. Rfd2 Be6 20. Rc7 Rfc8 21. Rb7 Rcb8 22. Rc7 Rc8 23. Rb7 Rcb8 24. Rc7 1/2-1/2

[Event "2BLO 2223 SC Bavaria Regensburg 1881 - "]
[Site "?"]
[Date "2023.02.04"]
[Round "5.8"]
[White "Kleibel, Uwe"]
[Black "Kukov, Velislav"]
[Result "1-0"]
[WhiteElo "2219"]
[BlackElo "2343"]
[PlyCount "95"]
[EventDate "2023.??.??"]

1. d4 d5 2. Nf3 Nf6 3. Bf4 c5 4. e3 Nc6 5. Nbd2 cxd4 6. exd4 Bg4 7. c3 e6 8. Qb3 Qc8 9. Bd3 Be7 10. O-O Bh5 11. a3 Bg6 12. Bxg6 hxg6 13. Rfe1 O-O 14. h4 a6 15. Qc2 b5 16. Qd3 Na5 17. Ne5 Nd7 18. Qg3 Nxe5 19. Bxe5 Nc6 20. Bf4 a5 21. Nf3 b4 22. Qh2 bxc3 23. bxc3 Bf6 24. Re3 Rd8 25. g3 Ra7 26. Kg2 Kf8 27. Rh1 Ne7 28. g4 e5 29. dxe5 Qxg4+ 30. Qg3 Qxg3+ 31. fxg3 Nf5 32. exf6 Nxe3+ 33. Bxe3 Rb7 34. fxg7+ Kxg7 35. Bd4+ f6 36. Rd1 Kf7 37. g4 Re8 38. Rf1 Ke6 39. g5 f5 40. Ne5 Rg8 41. Re1 Kd6 42. Nd3 Kc6 43. a4 Rbb8 44. Re6+ Kb7 45. Nc5+ Kc8 46. Rc6+ Kd8 47. Bf6+ Ke8 48. Re6+ 1-0

[Event "2BLO 2223 SG Leipzig  - MSA Zugzwang"]
[Site "?"]
[Date "2023.02.04"]
[Round "5.1"]
[White "Shengelia, David"]
[Black "Richter, Leonard"]
[Result "1-0"]
[WhiteElo "2493"]
[BlackElo "2227"]
[PlyCount "61"]
[EventDate "2023.??.??"]

1. d4 Nf6 2. g3 g6 3. Bg2 Bg7 4. e4 d6 5. Ne2 O-O 6. O-O c6 7. h3 e5 8. Be3 Nbd7 9. Nbc3 Qc7 10. a4 b6 11. g4 Bb7 12. f4 exf4 13. Bxf4 a6 14. Qe1 b5 15. Qg3 Ne8 16. b4 Nb6 17. a5 Nc4 18. Nb1 Qe7 19. Na3 c5 20. Nxc4 bxc4 21. bxc5 dxc5 22. d5 Bxa1 23. Rxa1 Bxd5 24. exd5 Qxe2 25. Qc3 Qe7 26. d6 Nxd6 27. Bh6 f6 28. Re1 Qf7 29. Qd2 Qc7 30. Bxa8 Rxa8 31. Qd5+ 1-0

[Event "2BLO 2223 SG Leipzig  - MSA Zugzwang"]
[Site "?"]
[Date "2023.02.04"]
[Round "5.2"]
[White "Nguyen, Alex Dac-Vuong"]
[Black "Baidetskyi, Valentin"]
[Result "1/2-1/2"]
[WhiteElo "2329"]
[BlackElo "2464"]
[PlyCount "169"]
[EventDate "2023.??.??"]

1. e4 c5 2. Nf3 d6 3. d4 cxd4 4. Nxd4 Nf6 5. f3 e5 6. Nb3 d5 7. Bg5 d4 8. c3 Nc6 9. cxd4 Bb4+ 10. Nc3 exd4 11. a3 Be7 12. Nb5 O-O 13. N5xd4 Qb6 14. Be3 Rd8 15. Qd3 Bc5 16. Rd1 Nxd4 17. Bxd4 Bxd4 18. Nxd4 Qxb2 19. Be2 Be6 20. O-O Rac8 21. Rd2 Qb6 22. Qb1 Qc5 23. Rfd1 Qxa3 24. Qxb7 Re8 25. Qa6 Qe3+ 26. Kf1 Qf4 27. Nxe6 fxe6 28. Qd6 e5 29. g3 Qe3 30. Rd3 Qg5 31. Qa3 Ra8 32. Qa5 h6 33. Kg2 Kh7 34. h4 Qg6 35. Rd6 Qf7 36. g4 Kh8 37. Rc6 Rab8 38. Rc7 Qg6 39. Rc6 Rb2 40. Rd2 Rxd2 41. Qxd2 Qf7 42. Bc4 Qe7 43. Re6 Qc7 44. Rxe8+ Nxe8 45. Qd5 Nf6 46. Qa8+ Kh7 47. Be6 Qe7 48. Bf5+ g6 49. Bc8 g5 50. hxg5 hxg5 51. Bb7 Nd7 52. Bd5 Nf8 53. Qc8 Kh6 54. Qa6+ Ng6 55. Kg3 Kg7 56. Qc8 Qf8 57. Qd7+ Kh6 58. Qxa7 Qf4+ 59. Kf2 Qd2+ 60. Kf1 Qd1+ 61. Kf2 Qd4+ 62. Qxd4 exd4 63. Bf7 Ne5 64. Be8 Kg7 65. Kg3 Kf8 66. Ba4 Ng6 67. f4 Nxf4 68. Kf3 Nd3 69. e5 Ke7 70. Bb5 Nxe5+ 71. Ke4 Kf6 72. Kxd4 Nxg4 73. Ke4 Nh6 74. Bd7 Nf7 75. Bh3 Nd6+ 76. Kf3 Ke5 77. Kg4 Nf7 78. Bf1 Kf6 79. Bh3 Kg6 80. Bf1 Nh6+ 81. Kg3 Nf5+ 82. Kh3 Ne3 83. Bd3+ Kf6 84. Kg3 Ke5 85. Kf3 1/2-1/2

[Event "2BLO 2223 SG Leipzig  - MSA Zugzwang"]
[Site "?"]
[Date "2023.02.04"]
[Round "5.3"]
[White "Hertneck, Gerald"]
[Black "Natsidis, Christoph"]
[Result "1-0"]
[WhiteElo "2468"]
[BlackElo "2342"]
[PlyCount "67"]
[EventDate "2023.??.??"]

1. d4 Nf6 2. c4 e6 3. Nf3 d5 4. Nc3 Be7 5. Bf4 O-O 6. e3 c6 7. Qc2 Nbd7 8. cxd5 Nxd5 9. Nxd5 exd5 10. Bd3 Nf6 11. O-O Bg4 12. Ne5 Bh5 13. b4 a6 14. Rab1 Bg6 15. a4 Bxd3 16. Nxd3 Bd6 17. b5 Bxf4 18. Nxf4 cxb5 19. axb5 a5 20. b6 Qb8 21. Rb5 Rc8 22. Qa2 Qd6 23. Rxa5 Rxa5 24. Qxa5 g5 25. Ne2 h5 26. Rc1 Rxc1+ 27. Nxc1 Ng4 28. g3 Qf6 29. Nd3 Qf3 30. Qd2 h4 31. Ne1 Qf5 32. Qc2 Qe6 33. Nf3 f6 34. Qg6+ 1-0